000 00846nam a22002777a 4500
003 CHAP
005 20220329140900.0
008 971013s1973 r 00010 d
010 _a59213
011 _a60185
035 _a64345
040 _cCHAP
090 _aFolleto 4633
110 _aPrograma Nacional de Aprovechamiento Forrajero. México
_992332
245 _aCómo, dónde y porqué trabajamos con el campesino
260 _aMéxico :
_bEl Programa,
_c(1973)
300 _a28 h.
_b: láms.
590 _aBATCH-UPD
_b10
_c20130110
_lUCH01
_h0847
590 _aCONVERSION
_b10
_c20130109
_lUCH01
_h1332
650 1 4 _aPastos forrajeros.
_986094
650 1 4 _aPlantas forrajeras.
_988943
650 1 4 _aPlantas forrajeras
_xSecado.
_988982
901 _aBK
942 _cFOLL
949 _aFolleto 4633
_bBC
_cFOLL
_d-140112
_eTS1
_i64345
_mD
_si
999 _c59213
_d59213